ბათუმის შოთა რუსთაველის სახელმწიფო უნივერსიტეტის ბიბლიოთეკა

აფრიკელი : (ბიბ.ჩანაწერი № 54735)

000 -ლიდერი
ფიქსირებული სიგრძის საკონტროლო ველი 01327nam a2200265Ia 4500
001 - საკონტროლო ნომერი
საკონტროლო ველი 21802
003 - საკონტროლო ნომრის იდენტიფიკატორი
საკონტროლო ველი GE_BSU
005 - ბოლო ოპერაციის თარიღი და დრო
საკონტროლო ველი 20220517160108.0
008 - ფიქსირებული სიგრძის მონაცემთა ელემენტები - ზოგადი ინფორმაცია
ფიქსირებული სიგრძის საკონტროლო ველი 181216s2016||||ge |||||||||||||| ||geo||
020 ## - წიგნის საერთაშორისო სტანდარტული ნომერი
International Standard Book Number 9789941466823
040 ## - კატალოგიზაციის წყარო
Transcribing agency GE_BSU
041 ## - ენის კოდი
Language code of text/sound track or separate title geo
080 ## - უნივერსალური ათობითი კლასიფიკაციის ინდექსი
Universal Decimal Classification number 821.133.1-312.6 ლე-34
100 ## - მთავარი ჩანაწერი - პიროვნების სახელი
Personal name ლე კლეზიო, ჟან-მარი გუსტავ
9 (RLIN) 3084
245 ## - ცნობა სათაურის შესახებ
Title აფრიკელი :
Remainder of title რომანი /
Statement of responsibility, etc ლე კლეზიო, ჟან-მარი გუსტავ ; ფრანგულიდან თარგმნა დალი იაშვილმა ; რედაქტორი თამარ ლონდარიძე ; გარეკანის დიზაინერი თეონა ჭანიშვილი.
264 ## - წარმოების, გამოცემის, დისტრიბუციის და სხვა ცნობები
გამოცემის, წარმოების, დისტრიბუციის... ადგილი თბილისი :
გამოცემის, წარმოების, დისტრიბუციის... სახელწოდება ინტელექტი,
გამოცემის, წარმოების, დისტრიბუციის... თარიღი 2016.
300 ## - ფიზიკური აღწერა
Extent 120 გვ. :
Other physical details ილ. ;
Dimensions 18 სმ.
653 ## - INDEX TERM--UNCONTROLLED
Uncontrolled term აფრიკელი
653 ## - INDEX TERM--UNCONTROLLED
Uncontrolled term რომანი
700 ## - ADDED ENTRY--PERSONAL NAME
Personal name იაშვილი, დალი
Relator term მთარგმნელი
9 (RLIN) 7143
700 ## - ADDED ENTRY--PERSONAL NAME
Personal name ლონდარიძე, თამარ
Relator term რედაქტორი
9 (RLIN) 13759
700 ## - ADDED ENTRY--PERSONAL NAME
Personal name ჭანიშვილი, თეონა
Relator term დიზაინერი
9 (RLIN) 6381
942 ## - ADDED ENTRY ELEMENTS (KOHA)
Koha item type წიგნი
Source of classification or shelving scheme
ეგზემპლარები
ჩამოწერის სტატუსი დაკარგული ეგზემპლარის სტატუსი კლასიფიკაციის წყარო ან თაროზე გაწყობის სქემა დაზიანების სტატუსი არ გაიცემა მუდმივი მდებარეობა (დაცვის ადგილი) ამჟამინდელი ადგილსამყოფელი თაროზე განთავსების ადგილი შეძენის თარიღი ღირებულება, შესყიდვის ნორმალური ფასი სრული შენახვის შიფრი შტრიხკოდი ბოლო ოპერაციის თარიღი ეგზემპლარის მიმდევრობითი ნომერი (კეტერი?) ფასის ძალაში შესვლის თარიღი ეგზემპლარის სახეობა საჯარო შენიშვნა
          ბათუმის შოთა რუსთაველის სახელმწიფო უნივერსიტეტის მთავარი ბიბლიოთეკა ბათუმის შოთა რუსთაველის სახელმწიფო უნივერსიტეტის მთავარი ბიბლიოთეკა წიგნსაცავი 2018-12-17 5.00 821.133.1-312.6 ლე-34 56210 2018-12-17 56210 2018-12-17 წიგნი 5.00 ₾.